Racing Flags Quiz - Statistics

General Stats
  • This quiz has been taken 31 times
  • The average score is 7 of 12
Answer Stats
Role Flag % Correct
Signals the start of a race, end of caution, or that the pit lane is open. Green
100%
Signals that the race has been suspended due to a serious hazard or incident. Red
100%
Signals that there is a hazard on, near, or blocking the track. Yellow
100%
Signals the end of a race or session. NASCAR uses a green version for stages. Checkered/Chequered
96%
Signals that a player has been disqualified. Black
81%
Signals that there is a slow moving vehicle ahead. Also signals the final lap in NASCAR and IndyCar races. White
74%
Advises backmarkers to give way to faster cars. Blue
70%
Signals unsportsmanlike conduct. Used in FIA-sanctioned races. Black and White
26%
Signals a mechanical problem that presents a risk to other competitors. Mechanical Black (Black and Orange)
26%
Signals that there is debris or fluid on the track, typically only used on road courses. Surface (Red and Yellow)
22%
Alternative to above used in FIA-sanctioned races; signals that no driver should overtake. Code 60
11%
Alternative of above used in NASCAR and IndyCar races. White Crossed Black
4%
No matching quizzes found
Score Distribution
Percent of People with Each Score
Percentile by Number Answered
Your Score History
You have not taken this quiz